00718nam a2200181 a 450000100100000000500170001000800410002708200150006811000890008324501500017226000560032230000280037870000300040670000300043670000320046670000250049804000130052300003120520200930062754.0110614nuuuuuuuudr a 000 | spa d axxxbC397g2 aCentro para la Conservación y Ecodesarrollo de la Bahía de Samaná y su Entorno10aGuía de campo para observadores de aves en la región de samaná /ccompilación, traducción y redacción de Patricia Lamelas...[et al.]. aSamaná, República Dominicana :bCEBSE,c[200?]. a150 p. :bil. ;c20 cm.1 aLamelas, Patricia,ecomp.1 aVentura, Carlotta,ecomp.1 aBuglass, Suranahí,ecomp.1 aPren, Ingrid,ecomp. aDO-SdBNP